| 000 | 00450nam a2200169Ia 4500 | ||
|---|---|---|---|
| 003 | GCL | ||
| 008 | 140319s9999 xx 000 0 eng d | ||
| 040 |
_aGCL / _cGCL |
||
| 082 | 0 | 4 |
_a621.385 _bF B |
| 100 | 1 | _aGILMORE, MIKE | |
| 245 | 1 | 0 |
_aFIBRE OPTIC CABLING: THEORY DESIGN AND INSTALLATION PRACTICE / _cGILMORE, MIKE |
| 260 |
_a[S.N] : _bNEWNES ، _c1991 |
||
| 300 | _a318 P | ||
| 650 | 0 | 4 | _aCABLES |
| 650 | 0 | 4 | _aELECTRIC CABLES |
| 942 |
_2ddc _cBK |
||
| 999 |
_c10441 _d10441 |
||